Estudio y fabricación de ladrillo reciclado
En el presente estudio se pretende demostrar la importancia y aprovechamiento del ladrillo reciclable en nuestro país, como un recurso que podemos adquirir de nuestro entorno y que contribuye a una mejor calidad de vida, segura y ecológica por evitar el deterioro del medio ambiente.
| Main Authors: | , , |
|---|---|
| Other Authors: | |
| Format: | Tesis Section = Libro |
| Language: | Undetermined Spanish |
| Published: |
Managua
UNI/RUACS
2021
|
| Subjects: |
| LEADER | 01100nam a2200265Ia 4500 | ||
|---|---|---|---|
| 008 | 240830s9999 xx 000 0 und d | ||
| 040 | |a BIBLIOTECA-RUPAP Mon 666.737 L296 | ||
| 041 | |a spa | ||
| 082 | |a Mon 666.737 L296 | ||
| 100 | 1 | |a Lanuza Bucardo, Royman Miguel | |
| 100 | 1 | |b Betanco Gadea, Marvin Benjamín | |
| 100 | 1 | |c Parrilla Torres, Claudio José | |
| 245 | 1 | 0 | |a Estudio y fabricación de ladrillo reciclado |
| 260 | |a Managua |b UNI/RUACS |c 2021 | ||
| 300 | |a 109 p. :il. | ||
| 500 | |a Contiene: anexos y CD. | ||
| 502 | |a Tesis (Ingeniero Civil)- UNI, 2021. | ||
| 520 | 3 | |a En el presente estudio se pretende demostrar la importancia y aprovechamiento del ladrillo reciclable en nuestro país, como un recurso que podemos adquirir de nuestro entorno y que contribuye a una mejor calidad de vida, segura y ecológica por evitar el deterioro del medio ambiente. | |
| 650 | 7 | |a LADRILLOS-FABRICACION | |
| 650 | 7 | |b LADRILLOS-MATERIALES DE CONSTRUCCION | |
| 650 | 7 | |c LADRILLOS RECICLADOS | |
| 700 | 1 | |a Tutor: |b O´connors, Silvia Lindo | |
| 942 | |c BK |2 ddc | ||
| 991 | |a TESIS | ||
| 999 | |c 18847 | ||